Encyklopedie jehličnatých stromů a keřů

Gespeichert in:
Bibliographische Detailangaben
1. Verfasser: Hieke, Karel (Verfasst von)
Format: Buch
Sprache:Tschechisch
Veröffentlicht: Brno : Computer Press, 2008
Schlagworte:
Tags: Tag hinzufügen
Keine Tags, Fügen Sie das erste Tag hinzu!

MARC

LEADER 00000nam a22000003a 4500
001 stu187516
005 20150617230040.1
008 090715s2008------------------------cze-d
020 |a 978-80-251-1901-3 
040 |a STU  |b slo 
041 0 |a cze 
100 1 |a Hieke, Karel  |4 aut 
245 1 |a Encyklopedie jehličnatých stromů a keřů 
260 |a Brno :  |b Computer Press,  |c 2008 
300 |a 246 s 
650 7 |a stromy  |2 stusub 
650 7 |a ihličnaté stromy  |2 stusub 
650 7 |a záhradná architektúra  |2 stusub 
996 |b 284AU04276  |c A*6684 U  |l AAKNAR  |s A  |a 24  |w stu187516_0001